Raíces económicas del deterioro ecológico y social: más allá de los dogmas
Gardado en:
| Autor Principal: | |
|---|---|
| Formato: | Libro |
| Idioma: | Lingua castelá |
| Publicado: |
Madrid
Siglo Veintiuno
2010
|
| Edición: | 2a. ed |
| Subjects: | |
| Tags: |
Engadir etiqueta
Sen Etiquetas, Sexa o primeiro en etiquetar este rexistro!
|
MARC
| LEADER | 00000cam a2200000 a 4500 | ||
|---|---|---|---|
| 001 | UCD4168 | ||
| 003 | CL-VaPUC | ||
| 008 | 160701e20100000sp |||||||||||||||||spa|d | ||
| 020 | |a 9788432314278 | ||
| 082 | 0 | 4 | |a 333.72 |b NAR |2 21 |
| 100 | |a Naredo Pérez, José Manuel |e autor |9 587788 | ||
| 245 | 1 | 0 | |a Raíces económicas del deterioro ecológico y social: más allá de los dogmas |
| 250 | |a 2a. ed | ||
| 300 | |a 298 p | ||
| 942 | |c BK | ||
| 945 | |d 20160701 20:49:00 |a dcastane | ||
| 260 | |a Madrid |b Siglo Veintiuno |c 2010 | ||
| 650 | 0 | |a Desarrollo sustentable |9 333905 | |
| 650 | 0 | |a Protección del medio ambiente |9 257626 | |
| 650 | 0 | |a Problemas ambientales |9 381509 | |
| 650 | 0 | |a Problemas sociales |9 258537 | |
| 583 | |a last modification |c 20160701 20:49:00 |k Rodrigo Vera | ||
| 999 | |c 365110 |d 365108 | ||
| 952 | |0 0 |1 0 |3 erb |4 0 |6 333_720000000000000_NAR_2010 |7 0 |8 A |9 478838 |a BIBING |b BIBING |i 529472K |o 333.72 NAR 2010 |p 529472K |r 2025-01-20 |w 2019-11-24 |y BK |z Catalogado en:20160701 |k GEO | ||